El Desarrollo de la comercialización en América Latina y sus problemas actuales /
Kaydedildi:
| Yazar: | |
|---|---|
| Materyal Türü: | Metin |
| Etiketler: |
Etiketle
Etiket eklenmemiş, İlk siz ekleyin!
|
MARC
| LEADER | 00000 a a2200000 04500 | ||
|---|---|---|---|
| 001 | 4909 | ||
| 003 | |||
| 040 | |||
| 100 | |a Torrealba, J. Pablo | ||
| 245 | |a El Desarrollo de la comercialización en América Latina y sus problemas actuales / |c J. Pablo Torrealba | ||
| 773 | |g volumen 6, número 1; páginas 33-45 | ||
| 999 | |c 29315 |d 29315 | ||
